000
00335nam a22001457a 4500
005
20160628155235.0
008
160628b xxu||||| |||| 00| 0 eng d
041
_a
eng
082
_b
10792
245
_a
Journal of Statistics & Mgt. Systems
260
_b
Tara Publication
300
_a
1398
650
_a
Management
_9
241
942
_c
BK
999
_c
4548
_d
4547